| 000 | 01405nam a2200433 i 4500 | ||
|---|---|---|---|
| 001 | 56047 | ||
| 003 | KOSZ 005 | ||
| 005 | 20221215132646.0 | ||
| 008 | 071217s2008 pl a f f |000 0 pol | ||
| 015 | _aPB 954/2008 | ||
| 020 | _a9788320817263 | ||
| 040 |
_cWA N _aWA N _dKOSZ 005/HR |
||
| 041 | _apol | ||
| 046 | _k2008 | ||
| 080 | _a658.1/.5 | ||
| 080 | _a005.51 | ||
| 080 | _a(075.8) | ||
| 100 | 1 |
_aSkowronek, Czesław _d(1937- ) _eAutor |
|
| 245 | 1 | 0 |
_aLogistyka w przedsiębiorstwie / _cCzesław Skowronek, Zdzisław Sarjusz-Wolski. |
| 250 | _aWyd. 4 zm. | ||
| 260 |
_aWarszawa : _bPolskie Wydawnictwo Ekonomiczne, _c2008. |
||
| 300 |
_a355 s. : _bil. ; _c24 cm. |
||
| 336 |
_2rdacontent _aTekst _btxt |
||
| 337 |
_2rdamedia _aBez urządzenia pośredniczącego _bn |
||
| 338 |
_2rdacarrier _aWolumin _bnc |
||
| 380 | _aKsiążki | ||
| 388 | _a2001- | ||
| 504 | _aBibliogr. s. 352-355. | ||
| 650 | 9 | _aLogistyka gospodarcza | |
| 650 | 9 | _aOrganizacja | |
| 650 | 9 | _aPrzedsiębiorstwo | |
| 655 | _aPodręczniki akademickie | ||
| 658 | _aTransport i logistyka | ||
| 658 | _aZarządzanie i marketing | ||
| 700 | 1 |
_aSarjusz-Wolski, Zdzisław _eAutor |
|
| 710 | 2 |
_aPolskie Wydawnictwo Ekonomiczne _4pbl. |
|
| 856 |
_uhttp://koha.tu.koszalin.pl/cgi-bin/koha/opac-detail.pl?biblionumber=56047 _yKatalog online BPK |
||
| 942 |
_cKS _2UKD |
||
| 999 |
_c56047 _d56047 |
||